LEADER 00919nam0 2200277 450 001 000010997 005 20080512112346.0 010 $a978-88-7075-662-3 100 $a20080512d2007----km-y0itay50------ba 101 0 $aita 102 $aIT 105 $ay-------001yy 200 1 $a<>biblioteca come ipertesto$everso l'integrazione dei servizi e dei documenti$fRiccardo Ridi 210 $aMilano$cBibliografica$dc2007 215 $a351 p.$d21 cm 225 2 $aBibliografia e biblioteconomia$v81 410 0$12001$aBibliografia e biblioteconomia 610 1 $aBiblioteche$aServizi di informazione bibliografiche$aAutomazione 610 1 $aRisorse elettroniche 676 $a025.524$v21 700 1$aRidi,$bRiccardo$07712 801 0$aIT$bUNIPARTHENOPE$c20080512$gRICA$2UNIMARC 912 $a000010997 951 $a025-B/8$b40442$cNAVA1$d2008 996 $aBiblioteca come ipertesto$9715009 997 $aUNIPARTHENOPE